Význam spracovateľského priemyslu pre slovenskú ekonomiku diplomová práca

Enregistré dans:
Détails bibliographiques
Auteur principal: Stracová, Erika, 1993-
Collectivité auteur: Národohospodárska fakulta EU. Katedra hospodárskej politiky
Autres auteurs: Lábaj, Martin, 1982-
Format: Livre
Langue:slovaque
Publié: Bratislava 2016
Tags: Ajouter un tag
Pas de tags, Soyez le premier à ajouter un tag!

MARC

LEADER 00000nbm a2200000 4500
001 0217832
005 20170201143048.3
041 0 |a slo 
044 |a SK 
245 1 0 |a Význam spracovateľského priemyslu pre slovenskú ekonomiku  |b diplomová práca  |c Erika Stracová ; školiteľ: Martin Lábaj 
264 1 |a Bratislava  |c 2016 
300 |a 58 s. 
100 1 |a Stracová, Erika, 1993- 
700 1 |a Lábaj, Martin, 1982- 
710 2 |a Národohospodárska fakulta EU. Katedra hospodárskej politiky